000 00303 a2200145 4500
001 175818
020 _a
040 _cMagnum
100 _a-
240 1 0 _aJoao de barro/edelbra
_lpor
245 1 0 _aJoao de barro/edelbra
362 0 _a1899
697 _aMAGNITO: I/SOCIEDADE, COTIDIAN
942 _cBK
999 _c175818
_d175818